00671cam a2200301 c 4500001000800000003000900008005001700017007000800034008003900042015000600081017000600087020001500093035000600108040002500114041001100139080000600150100002200156245005000178250001500228260004100243300002500284336000900309337000900318490001200327500000600339650001200345830001200357 092147DO-SdBNP20160829130759.0 092147110804s1997 ig a | |||| 000 1 eng  a  b  a0194227073 a  aBPMSUbspacBPMSUe 1 aengh  a 1 aBassstt, Jennifer14aThe phantom of the Opera /cJennifer Bassett  a 10a. ed.  a England : b Oxford Bookwormsc1997 a126 p.:b c21 cme  a 2  a 2 0 aeditor  a  7a v 2  aeditor